LEADER 01016cam0-2200325---450- 001 990008529270403321 005 20100917132226.0 010 $a3-7720-8189-4 035 $a000852927 035 $aFED01000852927 035 $a(Aleph)000852927FED01 035 $a000852927 100 $a20070618d2006----km-y0itay50------ba 101 0 $ager 102 $aDE 105 $ay-------00cyy 200 1 $aLexikon deutschsprachiger Epik und Dramatik von Autorinnen (1730-1900)$fhrsg. von Gudrun Loster-Schneider und Gaby Pailer 210 $aTübingen$cFrancke$dc2006 215 $aXII, 491 p.$d25 cm$e1 CD-Rom 610 0 $aScrittrici tedesche$aSec.18.-19.$aDizionari 676 $a830.3 702 1$aLoster-Schneider,$bGudrun 702 1$aPailer,$bGaby 801 0$aIT$bUNINA$c20070618$gRICA$2UNIMARC 901 $aBK 912 $a990008529270403321 952 $a830.3 GUD 1$fFLFBC 959 $aFLFBC 996 $aLexikon deutschsprachiger Epik und Dramatik von Autorinnen (1730-1900$9733503 997 $aUNINA